I Can See You lyrics - Statistics

General Stats
  • This quiz has been taken 28 times
  • The average score is 350 of 394
Answer Stats
Lyrics % Correct
a
100%
can
100%
Do
100%
do
100%
do,
100%
I,
100%
I
100%
if
100%
in
100%
me
100%
see
100%
So
100%
the
100%
we
100%
ya?
100%
You
100%
you
100%
you,
100%
And
94%
and
94%
baby,
94%
baby
94%
brush
94%
don't
94%
down
94%
ever
94%
for
94%
hall
94%
hallway
94%
my
94%
never
94%
out?
94%
Passed
94%
past
94%
That
94%
that
94%
to
94%
what
94%
What
94%
would
94%
But
88%
'Cause
88%
knew?
88%
on
88%
only
88%
sound?
88%
Then
88%
they
88%
They
88%
think
88%
against
82%
could
82%
found
82%
from
82%
know
82%
made
82%
mission
82%
not
82%
secret
82%
tell,
82%
touch
82%
up
82%
us
82%
wall
82%
went
82%
with
82%
as
76%
happened
76%
I've
76%
keep
76%
now?
76%
oh,
76%
Oh,
76%
quiet
76%
watchin'
76%
yeah
76%
addiction
71%
ages
71%
been
71%
being
71%
everything
71%
it
71%
kept
71%
make
71%
"Meet
71%
suit
71%
'til
71%
tonight"
71%
Wait
71%
waitin'
71%
will
71%
won't
71%
yet
71%
feel
65%
haven't
65%
it's
65%
kiss,
65%
like
65%
necktie
65%
note
65%
professional
65%
somethin'
65%
things
65%
your
65%
away
59%
believe
59%
best
59%
even
59%
fast
59%
half
59%
head
59%
Hide
59%
inside
59%
move
59%
myself
59%
saying,
59%
behaving
53%
eyes
53%
jacket
53%
more
53%
time
53%
want
53%
changed,
47%
floor
47%
something's
47%
spend
47%
start
47%
throw
47%
tryin'
47%
watchful
47%
No matching quizzes found
Score Distribution
Percent of People with Each Score
Percentile by Number Answered
Your Score History
You have not taken this quiz